Statistiques concernant Pays organisateurs de la Coupe du monde féminine de football

Cliquez ici pour prendre le quiz!

Statistiques générales

  • Ce quiz a été pris 172 fois
  • Le résultat moyen est 7 sur 8

Statistiques - réponses

AnnéePays% Correct
2019France
100%
1999Etats-Unis
97%
2003Etats-Unis
97%
2011Allemagne
91%
2015Canada
86%
1991Chine
69%
2007Chine
69%
1995Suède
67%

Distribution des résultats

Percentile par nombre de réponses

% des personnes avec chaque résultat

Votre développement - résultats

Vous n’avez pas pris ce quiz